00303nam a2200121Ia 4500008004100000082001700041100001800058245002900076250000800105260004300113300000900156650001600165191201s2004 xx 000 0 und d a621.381bSEM aSEDRA, Adel S 0aMicroelectronic Circuits a5th aN.DelhibOxford University Pressc2004 a1283 aB.Tech(ECE)